Business Law for Management (Record no. 671)

MARC details
000 -LEADER
Fixed length control field 00510nam a2200181 4500
003 - CONTROL NUMBER IDENTIFIER
Control field SEACOMMC
005 - DATE AND TIME OF LATEST TRANSACTION
Control field 20250422143320.0
008 - FIXED-LENGTH DATA ELEMENTS--GENERAL INFORMATION
Fixed length control field 241021b |||||||| |||| 00| 0 eng d
020 ## - INTERNATIONAL STANDARD BOOK NUMBER / ISBN
International Standard Book Number 81-786696-7-6
Price Rs.425.00
040 ## - CATALOGING SOURCE
Original cataloging agency SEACOMMC
082 ## - DEWEY DECIMAL CLASSIFICATION NUMBER
Classification number 346.065
Book Number B 933
100 ## - MAIN ENTRY--PERSONAL NAME
Personal name Bulchandani ,K.R
245 1# - TITLE STATEMENT
Title Business Law for Management
Statement of responsibility K.R. Bulchandani
250 ## - EDITION STATEMENT
Edition statement 4th rev.& ent ed.
260 ## - IMPRINT
Place of publication Mumbai
Name of publisher Himalaya Publishing House
Date of publication 2006
650 ## - SUBJECT ADDED ENTRY--TOPICAL TERM
Topical term Law on Information Technology
942 ## - ADDED ENTRY ELEMENTS (KOHA)
Koha item type Books
Holdings
Withdrawn status Lost status Source of classification Damaged status Not for loan Home library Current library Shelving location Date acquired Total Checkouts Call number Accession number Date last seen Price effective from Koha item type Copy number
    Dewey Decimal Classification     SEACOM MANAGEMENT COLLEGE SEACOM MANAGEMENT COLLEGE Reference 27/10/2007   346.065 B 933 M-557 21/10/2024 21/10/2024 Books  
    Dewey Decimal Classification     SEACOM MANAGEMENT COLLEGE SEACOM MANAGEMENT COLLEGE   27/10/2007   346.065 B 933 M-558 21/10/2024 21/10/2024 Books 1
    Dewey Decimal Classification     SEACOM MANAGEMENT COLLEGE SEACOM MANAGEMENT COLLEGE   27/10/2007   346.065 B 933 M-559 21/10/2024 21/10/2024 Books 2
© Seacom Engineering College, All rights reserved.    Powered by Koha